Mets... or Yankees? - Statistics

General Stats
  • This quiz has been taken 338 times
  • The average score is 8 of 10
Answer Stats
Question Answer % Correct
Has won 27 world series Yankees
96%
Winner of the 2000 World Series Yankees
96%
Has played for longer Yankees
94%
Won their first World Series in 1969 Mets
90%
Has had Mike Piazza on their team Mets
76%
Has had Darryl Strawberry on their team Both
75%
Currently is managed by Buck Showalter Mets
75%
Has had slugger Hank Aaron on their team None
65%
Has made it to a World Series more recently Mets
61%
Won more games in 2022 Mets
47%
No matching quizzes found
Score Distribution
Percent of People with Each Score
Percentile by Number Answered
Your Score History
You have not taken this quiz